| 000 | 00629nam a2200229 i 4500 | ||
|---|---|---|---|
| 001 | 38964 | ||
| 003 | ES-MaACL | ||
| 005 | 20250814013814.0 | ||
| 007 | t| | ||
| 008 | 030226s1968 sp ||||1| spa d | ||
| 080 | _a001 | ||
| 080 | _a008 | ||
| 100 | 1 |
_aCalvo Hernando, Manuel. _933886 |
|
| 245 | 1 | 4 |
_aLas puertas del futuro / _c[Manuel Calvo Hernando]. |
| 260 |
_a[Madrid : _bs.n., _c1968] |
||
| 300 |
_a321 p., 20 lám. ; _c19 cm. |
||
| 500 | _aTít. tomado de la cub. | ||
| 650 | 1 | 7 |
_aCiencias _2embne _910971 |
| 650 | 1 | 4 |
_aProgreso. _916469 |
| 852 |
_aES-MaACL _jC-56785 _bR.67911 |
||
| 999 |
_c38964 _d38964 |
||